000 02557cam a2200313 4500500
005 20260329024917.0
041 _afre
042 _adc
100 1 0 _aAmigues, Jean-Pierre
_eauthor
700 1 0 _aLafforgue, Gilles
_eauthor
700 1 0 _aMoreaux, Michel
_eauthor
245 0 0 _aDes modes de capture du carbone et de la compétitivité relative des énergies primaires
260 _c2016.
500 _a51
520 _aNous caractérisons les sentiers optimaux d’exploitation de deux énergies primaires (charbon et solaire). Ces ressources approvisionnent les besoins énergétiques de deux secteurs, le premier pouvant recourir au CSC pour abattre ses émissions carbonées et le second n’ayant accès qu’à une technologie de capture atmosphérique nettement plus coûteuse. En imposant un seuil critique de pollution à ne pas dépasser, nous montrons qu’il est optimal de commencer à capturer pleinement les émissions du secteur 1 avant l’atteinte de ce seuil. La capture des émissions du secteur 2 n’intervient qu’une fois le plafond de pollution atteint et n’est que partielle. Enfin, la taxe carbone optimale doit être croissante durant la phase avant plafond, puis décroître par paliers jusqu’à zéro.
520 _aCarbon Capture Methods and Relative Competitiveness of Primary Energies We characterise the optimal exploitation paths of two primary energies (coal and solar) that supply the energy needs of two sectors. Sector 1 can reduce its carbon emissions at a reasonable cost thanks to a CCS device. Sector 2 has access only to air capture technology, but at a significantly higher cost. We assume that the atmospheric carbon stock cannot exceed a given ceiling. We show that the optimal approach consists in, first, fully capturing sector-1 emissions before the ceiling is reached and, second, deploying air capture to partially abate sector-2 emissions. The optimal carbon tax should increase in the pre-ceiling phase then decline in stages to zero.
690 _aCaptage et Stockage du Carbone (CSC)
690 _acapture atmosphérique
690 _achangement climatique
690 _aénergie
690 _ataxe carbone
690 _aair capture
690 _aCarbon Capture and Storage (CCS)
690 _acarbon tax
690 _aclimate change
690 _aenergy
786 0 _nÉconomie & prévision | 208-209 | 1 | 2016-12-08 | p. 39-55 | 0249-4744
856 4 1 _uhttps://shs.cairn.info/revue-economie-et-prevision-2016-1-page-39?lang=fr&redirect-ssocas=7080
999 _c1936412
_d1936412